Jar of Hearts - Christina Perri (All Lyrics) - Statistics

General Stats
  • This quiz has been taken 263 times
    101 since last reset
  • The average score is 293 of 322
Answer Stats
Lyrics % Correct
a
100%
are
100%
do
100%
hear
100%
hearts
100%
jar
100%
of
100%
think
100%
who
100%
Who
100%
you
100%
You
100%
your
100%
You're
100%
you're
100%
And
99%
I
99%
in
99%
love
99%
the
99%
Collecting
97%
So
97%
so
97%
apart
96%
cold
96%
From
96%
me
96%
soul
96%
tearing
96%
Tearing
96%
to
96%
To
96%
catch
94%
gonna
94%
Runnin
94%
scars
94%
don't
93%
Don't
93%
inside
93%
all
91%
back
91%
for
91%
leaving
91%
round
91%
come
90%
ice
88%
now
88%
time
86%
too
84%
know
83%
at
81%
I'm
81%
is
81%
one
81%
that
81%
Cause
80%
more
80%
we
80%
around
78%
be
78%
not
78%
want
78%
live
77%
am
75%
anymore
75%
arms
75%
But
75%
can't
75%
half
75%
learned
75%
ghost
74%
have
74%
If
74%
life
74%
loved
74%
step
74%
asking
72%
first
72%
get
72%
had
72%
it
72%
my
72%
take
72%
towards
72%
found
71%
kissed
71%
most
71%
alive
70%
ever
70%
feel
70%
just
70%
how
68%
regret
68%
took
68%
eyes
67%
fall
67%
long
67%
lost
67%
missed
67%
strong
67%
anywhere
65%
that's
65%
wish
65%
grown
62%
Remember
62%
alright
61%
promises
61%
broke
59%
put
59%
waiting
59%
light
58%
Dear
12%
No matching quizzes found
Score Distribution
Percent of People with Each Score
Percentile by Number Answered
Your Score History
You have not taken this quiz since the last reset